书目信息 |
| 题名: |
瓷画新技法
|
|
| 作者: | 李良 著 | |
| 分册: | ||
| 出版信息: | 南宁 广西美术出版社 2000 |
|
| 页数: | 28页 | |
| 开本: | 19cm | |
| 丛书名: | ||
| 单 册: | ||
| 中图分类: | J212.1 | |
| 科图分类: | ||
| 主题词: | 绘画--技法(美术) | |
| 电子资源: | ||
| ISBN: | 7-80625-760-8 | |
| 000 | 00522nam0 2200193 45 | |
| 001 | 0309282376 | |
| 005 | 20031219104119.0 | |
| 010 | @a7-80625-760-8@dCNY10.00 | |
| 100 | @a20030928d2000 km y0chiy0120 ea | |
| 101 | 0 | @achi |
| 105 | @af z 000yy | |
| 200 | 1 | @a瓷画新技法@ACi Hua Xin Ji Fa@f李良著@FLi Liang Zhu |
| 210 | @a南宁@c广西美术出版社@d2000 | |
| 215 | @a28页@d19cm | |
| 606 | 0 | @a绘画@x技法(美术) |
| 690 | @aJ212.1@v4 | |
| 701 | 0 | @a李良@4著 |
| 801 | @aCN@bTSTC@c20030929 | |
| 905 | @b326338-340@dJ212.1@e225@f3 | |
| 瓷画新技法/李良著.-南宁:广西美术出版社,2000 |
| 28页;19cm |
| ISBN 7-80625-760-8:CNY10.00 |
| ● |
| 相关链接 |
|
|
|
|
正题名:瓷画新技法
索取号:J212.1/225
 
预约/预借
| 序号 | 登录号 | 条形码 | 馆藏地/架位号 | 状态 | 备注 |
| 1 | 0326338 | 203263388 | 第一借阅区/ [索取号:J212.1/225] | 在馆 | |
| 2 | 0326339 | 203263397 | 第一借阅区/ [索取号:J212.1/225] | 在馆 | |
| 3 | 0326340 | 203263404 | 第一样本阅览室/ [索取号:J212.1/225] | 在馆 |